000 00702nam a2200241Ia 4500
003 OSt
005 20220923222811.0
006 a|||||r|||| 00| 0
007 ta
008 220922b |||||||| |||| 00| 0 hin d
024 _a208,139
037 _cTextual
040 _aARTS
_cARTS
_bhin
041 _2hin
_ahin
082 _aO152,3NSH,4, N3
100 _aशरद, ओंकार
245 0 _aइतिहास का कंलक
246 _aItihās kā kanlaka
260 _aइलाहाबाद
_b विभा प्रका0
_c1993
300 _a99पृ.
_ccm.
942 _hO152,3NSH,4, N3
_cTEXL
_2CC
999 _c358735
_d358735